000 00481cam a22002054a 4500
005 20250605164313.0
008 250528s ||||||||||||||||||||||||d
035 _a22573
020 _a9780071008945
040 _aGR-AtMCL
_bgre
_dGR-AtMCL
_eAACR2
245 1 _aARTIFICIAL INTELLIGENCE
250 _a2
260 _bMcgraw Hill,
_c1991
300 _a621
700 1 _aKnight Kevin
_91862
700 1 _aRich Elaine
_91863
942 _cBK
999 _c7621
_d7621